LEADER 01293nam0 22002773i 450 001 SUN0118539 005 20181126092228.902 010 $a8-88-495-1881-8$d0.00 100 $a20181126d2009 |0itac50 ba 101 $aita 102 $aIT 105 $a|||| ||||| 200 1 $aL'*evoluzione del principio di tassatività nella trascrizione immobiliare$etrascrizioni, annotazioni, cancellazioni$edalla tassatività alla tipicità$fGaetano Petrelli 205 $aNapoli$gRoma : Edizioni scientifiche italiane, 2009 210 $a457 p.$a24 cm 215 $aBiblioteca notaio Andrini. 410 1$1001SUN0004711$12001 $aQuaderni della Rassegna di diritto civile$fdiretta da Pietro Perlingieri$1210 $aNapoli$cEdizioni scientifiche italiane. 606 $aTrascrizione immobiliare$xLegislazione$xItalia$2SG$3SUNC034637 620 $dNapoli$3SUNL000005 700 1$aPetrelli$b, Gaetano$3SUNV000669$0235082 712 $aESI$3SUNV000952$4650 801 $aIT$bSOL$c20181203$gRICA 912 $aSUN0118539 950 $aUFFICIO DI BIBLIOTECA DEL DIPARTIMENTO DI GIURISPRUDENZA$d00CONS BNA.278 $e00BNA3343 20181126 996 $aEvoluzione del principio di tassatività nella trascrizione immobiliare$91127528 997 $aUNICAMPANIA LEADER 02260nam 2200421 n 450 001 996391820703316 005 20240520180258.0 035 $a(CKB)4940000000109900 035 $a(EEBO)2240945015 035 $a(UnM)99865852e 035 $a(UnM)99865852 035 $a(EXLCZ)994940000000109900 100 $a19940308d1652 uy | 101 0 $aeng 135 $aurbn#|||a|bb| 200 04$aThe examiner defended$b[electronic resource] $ein a fair and sober answer to the two and twenty questions which lately examined the author of Zeal examined, in this answer are (not unseasonably) touched, Christ's interest in this and all nations. Christ's interest, and the Commonweals, as to the present affairs. The true nature of all civil states. The nature of all civil magistracie, and of the civil sword. The title of Christian magistrate. National churches and covenants. The world of religions ... The permission due to conscience ... Idolatry, and the kindes of it. The spiritual and civil sword, ... The forms of worship. The causes of destruction in nations. The violence to the souls of men; ... The dangerous consequence of such violences, ... Christ Jesus himself, ... The crying guilt of soul-rapes ... The light of nature in spirituals. The acts of Asa, Artaxerxes, &c. The fast of Nineveh. The conscientious differences ... The justice and prudence of state-provision against all uncivilities both of popish and protestant ranters 210 $aLondon $cPrinted by James Cottrel$d1652 215 $a[8], 95, [1] p 300 $aA reply to: The examiner examined. 1652. 300 $aAnnotation on Thomason copy: "Septemb. 14". 300 $aReproduction of the original in the British Library. 330 $aeebo-0018 606 $aSpiritual life$vEarly works to 1800 606 $aIdolatry$vEarly works to 1800 606 $aReligion and state$zEngland$vEarly works to 1800 606 $aWorship$vEarly works to 1800 615 0$aSpiritual life 615 0$aIdolatry 615 0$aReligion and state 615 0$aWorship 801 0$bCu-RivES 801 1$bCu-RivES 801 2$bCStRLIN 801 2$bWaOLN 906 $aBOOK 912 $a996391820703316 996 $aThe examiner defended$92412110 997 $aUNISA